000 00675nam a2200289Ia 4500
005 20260324133730.0
008 008 260324s9999 xx 000 0 eng d
020 _a9781351323567
037 _aEBOOK
040 _aCRL
040 _beng
040 _cCRL
041 _2eng
041 _aeng
084 _qCRL
100 _aGregory Fossedal
_91194185
245 0 _aKohler
245 2 _bA Political Biography of Walter J.Kohler, Jr.
260 _bTaylor and Francis
260 _c2003
365 _a
365 _b99.99
856 _uhttp://www.taylorfrancis.com/books/9781351323567
942 _cEBOOK
999 _c1793546
_d1793546